000 00530nam a22001577a 4500
003 MCAL
005 20231108115621.0
008 231108b |||||||| |||| 00| 0 eng d
040 _cMACL
082 _a320
100 _aकुमार अशोक
_952111
245 _aभारत की आंतरिक सुरक्षा की मुख्‍य चुनौतिया
260 _aचैन्‍न्‍ई
_bMcGraw Hill
_c2023
650 _aराजनीति विज्ञान
_9229
942 _2ddc
_cHIN
999 _c66381
_d66381